00779cam a22002177a 4500003000500000005001700005008004100022010001000063011001000073035001000083040000900093100002900102245013600131260004100267300002200308502011000330650003400440650002700474650004000501650002000541CHAP20220329141847.0980313d1997 mx r 00110 spa d a74924 a75896 a85469 cCHAP00aAguayo Garcia, Salvador.10aAnálisis de la calidad del proceso administrativo en una empresa agroindustrial :bestudio de casoc/por Salvador Aguayo García aChapingo, Méx. :bEl autor,c1997. a92 h. :bgráfs. aTesis (Lic. en Administración de Empresas Agropecuarias) -- UACH. Departamento de Economía Agrícola14aAdministración de empresas.14aEficiencia industrial.14aIndustrias agrícolasxGuanajuato.14aOrganización.